000 00310nam a22001337a 4500
008 170816b xxu||||| |||| 00| 0 eng d
020 _a0471093246
041 _aeng
080 _a51
100 _a36
101 _aMAT
245 _aFUNCTION THEORY OF SEVERAL COMPLEX VARIABLES
_cKRANTZ,K.G
942 _2udc
_cBK
999 _c23625
_d23625